Luật đấu thầu năm 2005 (Có hiệu lực từ ngày 1/4/2006)

Guardado en:
Detalles Bibliográficos
Formato: Libro
Lenguaje:Undetermined
Publicado: Hà Nội Giao thông vận tải 2006
Materias:
Etiquetas: Agregar Etiqueta
Sin Etiquetas, Sea el primero en etiquetar este registro!
Thư viện lưu trữ: Trung tâm Học liệu Trường Đại học Cần Thơ
LEADER 00529nam a2200181Ia 4500
001 CTU_129040
008 210402s9999 xx 000 0 und d
020 |c 10000 
082 |a 346.597024 
082 |b L504 
245 0 |a Luật đấu thầu năm 2005 
245 0 |b (Có hiệu lực từ ngày 1/4/2006) 
260 |a Hà Nội 
260 |b Giao thông vận tải 
260 |c 2006 
650 |a Contracts,Procurement law 
904 |i Giang 
980 |a Trung tâm Học liệu Trường Đại học Cần Thơ